Normal view
MARC view
- SENTENCE DEVELOPMENT SENTENCE BASICS
Entry Topical Term
001 - CONTROL NUMBER
- control field: 78714
003 - CONTROL NUMBER IDENTIFIER
- control field: NUST
005 - DATE AND TIME OF LATEST TRANSACTION
- control field: 20210628210237.0
008 - FIXED-LENGTH DATA ELEMENTS
- fixed length control field: 210628|| aca||aabn | a|a d
040 ## - CATALOGING SOURCE
- Original cataloging agency: NUST
- Transcribing agency: NUST
150 ## - HEADING--TOPICAL TERM
- Topical term or geographic name entry element: SENTENCE DEVELOPMENT SENTENCE BASICS
670 ## - SOURCE DATA FOUND
- Source citation: Work cat.: (NUST): Mcwhorter, Kathleen.T 78713, The writers compass a sentence and paragraph text with readings, 1995
